000 00610nam a2200217 a 4500
999 _c3525
_d3525
001 3525
003 BD-JhCC
005 20171115185526.0
008 171002s19972001bg |||| ||a| 000 0 ben d
035 _a(BD-JhCC)
040 _aBD-JhCC
_dBD-JhCC
041 _aben
082 _a891.4415
_bISL 2001
100 _aইসলাম, নজরুল
245 _aনির্ঝর /
_cকাজী নজরুল ইসলাম
260 _aঢাকা:
_bনজরুল ইন্সটিটিউট,
_c2001
300 _a74 p.;
_c22 cm
650 _aBengali poetry
942 _2ddc
_cBK